000 00572nam a2200229Ia 4500
003 OSt
005 20221005132633.0
006 a|||||r|||| 00| 0
007 ta
008 221004b |||||||| |||| 00| 0 eng d
024 _a61592
037 _cTextual
040 _aCRL
_cCRL
_beng
041 _2eng
_aeng
082 _aSN06x1:26, J3
100 _aJung C G
245 0 _aUndiscovered self tr from the German by R F C Hull
260 _c1953
650 _aPSYCHOLOGY
942 _hSN06x1:26, J3
_cTEXL
_2cc
999 _c1064291
_d1064291